00627nam a2200193Ia 4500008004100000020001400041082001400055100002100069245003700090250000700127260004500134300002900179500001900208600002100227650005000248942000700298952011300305999001500418240925s9999 xx 000 0 und d a135708621 a005.7 PLA aPlatt ,David S. 4aThe Essence of OLE with Active X aNA aNew Jersey:bPrintice- Hall Int.c,1996. axvii,574p.bNAfOriginal aIncludes Index aComputer Science aComputer science, information & general works cBK 001040708CSaUITUbUITUd2000-07-28eNAg145.00l0o005.7 PLApQ2569r2024-09-25 07:12:51w2024-09-25yBK c5068d5068